[Event "ICS rated blitz match"]
[Site "207.99.83.229"]
[Date "1999.06.04"]
[Round "?"]
[White "Hossa"]
[Black "gremuchka-777"]
[Result "1-0"]
[WhiteElo "2556"]
[BlackElo "2197"]
[PlyCount "105"]

1. e4 e5 2. Nf3 Nc6 3. Bb5 a6 4. Ba4 Nf6 5. O-O b5 6. Bb3 Bb7 7. Ng5 d5 8. Nc3
Nd4 9. d3 Nxb3 10. axb3 d4 11. Ne2 h6 12. Nh3 Bc8 13. f4 Bd6 14. fxe5 Bxe5 15.
Bf4 Qd6 16. Bxe5 Qxe5 17. Nhf4 O-O 18. b4 Ng4 19. Qd2 g5 20. h3 Ne3 21. Nh5
Nxf1 22. Rxf1 f5 23. Nhg3 f4 24. Nh5 Be6 25. Qd1 f3 26. Rxf3 Rxf3 27. gxf3 Bxh3
28. f4 gxf4 29. Nexf4 Qg5+ 30. Kh1 Bd7 31. Qg1 Qxg1+ 32. Kxg1 Kf7 33. Nd5 c6
34. Ndf6 Be6 35. Kf2 a5 36. bxa5 Rxa5 37. b4 Ra4 38. Ke2 Rxb4 39. e5 c5 40. Nf4
c4 41. Ne4 c3 42. Kf3 Rb2 43. Ne2 Bd5 44. Nxd4 Rb4 45. Ke3 Rxd4 46. Nd6+ Ke6
47. Kxd4 h5 48. Nxb5 h4 49. Nc7+ Kd7 50. Nxd5 h3 51. Nf6+ Ke6 52. Ne4 h2 53.
Ng3 {gremuchka-777 resigns} 1-0

[Event "ICS rated blitz match"]
[Site "207.99.83.229"]
[Date "1999.06.04"]
[Round "?"]
[White "knightmare51"]
[Black "Hossa"]
[Result "0-1"]
[WhiteElo "2214"]
[BlackElo "2560"]
[PlyCount "68"]

1. d4 Nf6 2. Nf3 g6 3. Nc3 Bg7 4. e4 O-O 5. Be3 d6 6. Qd2 Bg4 7. Bh6 Bxh6 8.
Qxh6 Bxf3 9. gxf3 e5 10. d5 Kh8 11. h4 Ng8 12. Qg5 Nd7 13. O-O-O f6 14. Qe3 f5
15. Bh3 Ne7 16. h5 gxh5 17. Rdg1 f4 18. Qe2 Nf6 19. Be6 c6 20. Rg2 cxd5 21.
exd5 Rb8 22. Rgh2 a5 23. Ne4 Neg8 24. Bxg8 Rxg8 25. Nxf6 Qxf6 26. Rxh5 Rg7 27.
Qe4 Qf7 28. c4 Qc7 29. Kb1 Rbg8 30. Kc2 b5 31. b3 bxc4 32. Qxc4 Rc8 33. Kd3 Qb7
34. Qe4 34... Rc5 {knightmare51 resigns} 0-1

[Event "ICS rated blitz match"]
[Site "207.99.83.229"]
[Date "1999.06.04"]
[Round "?"]
[White "Hossa"]
[Black "gremuchka-777"]
[Result "1-0"]
[WhiteElo "2564"]
[BlackElo "2205"]
[PlyCount "65"]

1. e4 c5 2. Nf3 d6 3. d4 cxd4 4. Nxd4 Nf6 5. Nc3 g6 6. Be3 Bg7 7. f3 O-O 8. Qd2
Nc6 9. Bc4 Bd7 10. O-O-O Rc8 11. Nxc6 bxc6 12. h4 h5 13. Bh6 Be6 14. Bxe6 fxe6
15. Bxg7 Kxg7 16. e5 dxe5 17. Qg5 Qc7 18. Rhe1 Rcd8 19. Rxe5 Rxd1+ 20. Kxd1
Rd8+ 21. Kc1 Qd6 22. Re1 e5 23. Qxe5 Qxe5 24. Rxe5 Kf7 25. Ne4 Nxe4 26. Rxe4
Rd5 27. b4 g5 28. Rc4 gxh4 29. Rxh4 Rg5 30. a4 Rxg2 31. Rxh5 Rf2 32. Rc5 Rxf3
33. Ra5 {gremuchka-777 resigns} 1-0

[Event "ICS rated blitz match"]
[Site "207.99.83.229"]
[Date "1999.06.04"]
[Round "?"]
[White "PhrozenCrew"]
[Black "Hossa"]
[Result "1-0"]
[WhiteElo "2265"]
[BlackElo "2568"]
[PlyCount "55"]

1. d3 g6 2. Nf3 Nf6 3. c3 Bg7 4. e4 O-O 5. Be2 d5 6. e5 Nfd7 7. d4 f6 8. c4
fxe5 9. dxe5 c6 10. cxd5 Nxe5 11. Nxe5 Bxe5 12. dxc6 Nxc6 13. O-O Qc7 14. h3
Be6 15. Nd2 Rad8 16. Bb5 Nb4 17. Qa4 Nc2 18. Rb1 Rf4 19. b4 Bf5 20. Qxa7 Nxb4
21. Rb3 Rd5 22. Qa4 Bc2 23. Bc4 Rxc4 24. Nxc4 Bh2+ 25. Kh1 Qxc4 26. Qe8+ Kg7
27. Qxe7+ Kh8 28. Qf8# {Hossa checkmated} 1-0

[Event "ICS rated blitz match"]
[Site "207.99.83.229"]
[Date "1999.06.04"]
[Round "?"]
[White "Chemberlen"]
[Black "Hossa"]
[Result "1-0"]
[WhiteElo "2504"]
[BlackElo "2544"]
[PlyCount "165"]

1. d4 Nf6 2. c4 g6 3. Nc3 Bg7 4. e4 d6 5. Nf3 e5 6. Be2 O-O 7. O-O exd4 8. Nxd4
Be6 9. Be3 Nc6 10. Qd2 Qd7 11. f3 Nxd4 12. Bxd4 a6 13. Rad1 Rae8 14. Rfe1 Qc6
15. b3 Qd7 16. Bf1 Kh8 17. Nd5 Bxd5 18. cxd5 Rg8 19. Rc1 Rc8 20. Rc2 c5 21.
dxc6 Rxc6 22. Rxc6 Qxc6 23. Rd1 Ne8 24. Bc4 Qc7 25. Bf2 b5 26. Bd5 Nf6 27. h3
Nxd5 28. Qxd5 Qc2 29. Rd2 Qb1+ 30. Kh2 Be5+ 31. Bg3 Qa1 32. Bxe5+ Qxe5+ 33.
Qxe5+ dxe5 34. Rd7 Rf8 35. Ra7 f5 36. exf5 Rf6 37. fxg6 hxg6 38. Kg3 Re6 39. h4
Kg8 40. b4 e4 41. fxe4 Rxe4 42. Rxa6 Kf7 43. a3 Re3+ 44. Kg4 Re4+ 45. Kh3 Re3+
46. g3 Re5 47. Rb6 Kg7 48. Ra6 Kf7 49. Ra5 Kf6 50. a4 bxa4 51. Rxa4 Re4 52.
Ra6+ Kf7 53. Rb6 Re3 54. Rb5 Re4 55. Kg2 Rd4 56. Kf3 Rd3+ 57. Kg4 Kf6 58. Rb6+
Kg7 59. b5 Rc3 60. Rb7+ Kf6 61. b6 Rb3 62. Rb8 Rb4+ 63. Kf3 Kf5 64. Ke3 Kg4 65.
b7 Kxg3 66. h5 Rb6 67. hxg6 Re6+ 68. Kd4 Re7 69. Kc5 Rg7 70. Kb6 Rxg6+ 71. Ka7
Rg7 72. Rc8 Kf3 73. Ka8 Rg2 74. b8=Q Ra2+ 75. Qa7 Rh2 76. Rc3+ Ke4 77. Qe3+ Kf5
78. Rc5+ Kf6 79. Qe5+ Kg6 80. Rc6+ Kf7 81. Rc7+ Kg6 82. Rg7+ Kh6 83. Qg5# {
Hossa checkmated} 1-0

[Event "ICS rated blitz match"]
[Site "207.99.83.229"]
[Date "1999.06.04"]
[Round "?"]
[White "Hossa"]
[Black "Chemberlen"]
[Result "1-0"]
[WhiteElo "2526"]
[BlackElo "2512"]
[PlyCount "51"]

1. d4 d5 2. c4 e6 3. Nc3 Be7 4. Nf3 Nf6 5. Bg5 O-O 6. e3 h6 7. Bxf6 Bxf6 8. Bd3
dxc4 9. Bxc4 c5 10. dxc5 Bxc3+ 11. bxc3 Qa5 12. O-O Qxc5 13. Qd4 Nd7 14. Rad1
Qc7 15. Bb5 Nc5 16. Ne5 b6 17. Qf4 Bb7 18. Kh1 Rad8 19. Rd4 f6 20. Ng6 Qxf4 21.
exf4 e5 22. Bc4+ Kh7 23. Nxf8+ Rxf8 24. fxe5 fxe5 25. Rd2 Ne4 26. Bd3 {
Chemberlen resigns} 1-0

[Event "ICS rated blitz match"]
[Site "207.99.83.229"]
[Date "1999.06.04"]
[Round "?"]
[White "KleineMaus"]
[Black "Hossa"]
[Result "0-1"]
[WhiteElo "2428"]
[BlackElo "2541"]
[PlyCount "158"]

1. Nc3 Nf6 2. e4 e5 3. Nf3 Bb4 4. d3 d5 5. exd5 Nxd5 6. Bd2 Nc6 7. Be2 Nxc3 8.
bxc3 Be7 9. O-O O-O 10. Re1 Bf5 11. Rb1 b6 12. Bf1 Bf6 13. g3 Qd7 14. Bg2 Be6
15. Ng5 Bxg5 16. Bxg5 Bxa2 17. Ra1 Bd5 18. Bxd5 Qxd5 19. Qh5 a5 20. Re4 Qd6 21.
Rae1 Ra7 22. c4 Qg6 23. Qh4 Nd4 24. Kg2 Nf5 25. Qg4 h5 26. Qf3 Qxg5 27. Kh1 f6
28. h4 Qg6 29. c3 Rd8 30. Qe2 Qxg3 31. fxg3 Nxg3+ 32. Kg2 Nxe2 33. R1xe2 Rxd3
34. c5 Rxc3 35. cxb6 cxb6 36. Rd2 b5 37. Rd5 Rc2+ 38. Kf3 Rb2 39. Rd6 Re7 40.
Ra6 Ra2 41. Re1 Kf7 42. Rc1 g5 43. hxg5 fxg5 44. Rcc6 e4+ 45. Ke3 Ra3+ 46. Kd4
Ra4+ 47. Ke3 Rd7 48. Rf6+ Ke8 49. Rae6+ Kd8 50. Ra6 Rd3+ 51. Ke2 Ra2+ 52. Ke1
Rc3 53. Rfd6+ Kc7 54. Rd1 Rh3 55. Rd2 Rh1+ 56. Ke2 Rh2+ 57. Ke3 Rhxd2 58. Kxe4
Rd1 59. Kf5 Rg1 60. Kg6 Kb7 61. Rf6 Rh2 62. Rf7+ Kb6 63. Rf6+ Kc5 64. Rf5+ Kc4
65. Rf7 a4 66. Rc7+ Kb3 67. Rd7 b4 68. Rd3+ Ka2 69. Rd6 a3 70. Rd3 b3 71. Rd6
b2 72. Rb6 b1=Q+ 73. Rxb1 Kxb1 74. Kf6 Rf1+ 75. Ke7 a2 76. Kd7 Rd2+ 77. Kc7
Rc1+ 78. Kb7 Rb2+ 79. Ka8 79... a1=Q# {KleineMaus checkmated} 0-1

[Event "ICS rated blitz match"]
[Site "207.99.83.229"]
[Date "1999.06.04"]
[Round "?"]
[White "Hossa"]
[Black "Chemberlen"]
[Result "1/2-1/2"]
[WhiteElo "2552"]
[BlackElo "2490"]
[PlyCount "132"]

1. d4 g6 2. Nc3 Bg7 3. e4 d6 4. Bb5+ c6 5. Be2 Nf6 6. Nf3 O-O 7. O-O Nbd7 8.
Bg5 e5 9. dxe5 dxe5 10. Qd6 Re8 11. Rad1 Bf8 12. Qd2 Qc7 13. Bd3 b5 14. Bh6 a5
15. Bxf8 Nxf8 16. Qg5 Kg7 17. h3 h6 18. Qh4 a4 19. Kh1 Ne6 20. Rg1 Nc5 21. a3
Be6 22. Qg3 Ncd7 23. Rd2 Rad8 24. Rgd1 Nh5 25. Qh2 Nf4 26. Bf1 f6 27. g3 Nh5
28. Nh4 Nc5 29. Bg2 Rxd2 30. Rxd2 Kf7 31. Qg1 Rd8 32. Qd1 Rxd2 33. Qxd2 g5 34.
Nf3 Qd7 35. Qe3 Qd6 36. h4 Ng7 37. Nd2 Qd4 38. Qxd4 exd4 39. Nd1 d3 40. cxd3
Nxd3 41. Bf1 Nc5 42. Ne3 Ne8 43. f4 Nd6 44. fxg5 fxg5 45. e5 Nf5 46. Nxf5 Bxf5
47. Bg2 Bd7 48. hxg5 hxg5 49. Nf3 g4 50. Nd4 Nd3 51. e6+ Bxe6 52. Bxc6 Nxb2 53.
Nxe6 Kxe6 54. Bxb5 Ke5 55. Bd7 Nc4 56. Bxa4 Nxa3 57. Bd7 Nc4 58. Bxg4 Ne3 59.
Bd7 Nf5 60. g4 Ne3 61. g5 Nd5 62. Kh2 Nf4 63. Bg4 Ne6 64. g6 Kf6 65. Bh5 Nf4
66. g7 66... Kxg7 {Game drawn because neither player has mating material}
1/2-1/2

[Event "ICS rated blitz match"]
[Site "207.99.83.229"]
[Date "1999.06.04"]
[Round "?"]
[White "sicillianknight"]
[Black "Hossa"]
[Result "1-0"]
[WhiteElo "2766"]
[BlackElo "2549"]
[PlyCount "94"]

1. e4 c5 2. Ne2 Nf6 3. Nbc3 d6 4. d4 Nbd7 5. f3 e5 6. d5 Be7 7. Ng3 O-O 8. Qd2
Nb6 9. Bd3 c4 10. Be2 Qc7 11. O-O Bd7 12. f4 Qc5+ 13. Qe3 Qd4 14. a4 Ng4 15.
Bxg4 Bxg4 16. Nb5 Qxe3+ 17. Bxe3 exf4 18. Bxf4 Nc8 19. Na3 c3 20. bxc3 Nb6 21.
a5 Nc8 22. Nc4 f6 23. Rfb1 Rb8 24. Nf5 Bxf5 25. exf5 Rd8 26. Rb4 Rd7 27. Re1
Rd8 28. Kf2 Kh8 29. a6 b6 30. Na5 Rd7 31. Nc6 Ra8 32. Rbe4 Bf8 33. Re8 Kg8 34.
c4 h6 35. g4 h5 36. gxh5 b5 37. cxb5 Nb6 38. Rxa8 Nxa8 39. Be3 Kh7 40. Bxa7 Nc7
41. c4 Kh6 42. Bb6 Na8 43. Ba5 Kg5 44. Re8 Rf7 45. Rxa8 Kxf5 46. b6 Kg4 47. b7
47... Kxh5 {Hossa resigns} 1-0

[Event "ICS rated blitz match"]
[Site "207.99.83.229"]
[Date "1999.06.04"]
[Round "?"]
[White "inmortal"]
[Black "Hossa"]
[Result "0-1"]
[WhiteElo "2528"]
[BlackElo "2538"]
[PlyCount "102"]

1. e4 e6 2. d4 c5 3. d5 d6 4. Nc3 Nf6 5. Nf3 Be7 6. Bc4 O-O 7. O-O e5 8. a4 Ng4
9. h3 Nf6 10. a5 Qe8 11. Re1 Nbd7 12. Bf1 Kh8 13. Nd2 Rg8 14. Nc4 Qf8 15. Ra3
a6 16. Bg5 Rb8 17. Qd2 b5 18. axb6 Nxb6 19. Nxb6 Rxb6 20. b3 Ne8 21. Be3 f5 22.
exf5 Qxf5 23. Bd3 Qf7 24. Rea1 Nc7 25. Be4 Rf8 26. f3 Bh4 27. Qe2 Bg3 28. Ra5
Bf5 29. R1a4 Bd7 30. Ra1 Rb4 31. Qd3 Qh5 32. Na4 Rf7 33. Nb2 Rf6 34. Nc4 Bb5
35. Qe2 Qh4 36. Qd3 Bxc4 37. bxc4 Rb2 38. Bc1 Rb8 39. Bd2 Kg8 40. R5a3 Bf2+ 41.
Kh1 g5 42. Rb3 Rxb3 43. cxb3 Kh8 44. b4 cxb4 45. Bxb4 Bd4 46. Rb1 Ne8 47. Ba3
Rf4 48. Bb4 g4 49. Be1 Bf2 50. Bxf2 Qxf2 51. hxg4 51... Rf6 {inmortal resigns}
0-1

[Event "ICS rated blitz match"]
[Site "207.99.83.229"]
[Date "1999.06.04"]
[Round "?"]
[White "Chemberlen"]
[Black "Hossa"]
[Result "1/2-1/2"]
[WhiteElo "2564"]
[BlackElo "2554"]
[PlyCount "144"]

1. d4 d5 2. c4 dxc4 3. e3 b5 4. a4 Nd7 5. axb5 Nb6 6. Na3 Qd5 7. Nf3 Bd7 8. Be2
Nf6 9. O-O e6 10. Ne5 Rd8 11. Bf3 Ne4 12. Qc2 f5 13. Bd2 Bd6 14. Nxd7 Rxd7 15.
Nb1 Qxb5 16. Bxe4 fxe4 17. Qxe4 Qxb2 18. Bc3 Qe2 19. Nd2 Qd3 20. Qxd3 cxd3 21.
Rxa7 Nd5 22. Ba5 O-O 23. Ne4 Bb4 24. Rd1 Rb8 25. Bxb4 Nxb4 26. Nc5 Re7 27. g3
Nc6 28. Ra6 Nd8 29. Nxd3 g6 30. Ne5 Kg7 31. Rc1 Rb7 32. Nc6 Nxc6 33. Raxc6 g5
34. Kg2 g4 35. h3 gxh3+ 36. Kxh3 Kf7 37. Kg4 Ra7 38. Kf4 h6 39. Ke5 Ra2 40. f4
Rg2 41. Rxc7 Rxg3 42. e4 Re3 43. Rxe7+ Kxe7 44. Rc7+ Kf8 45. Rh7 Rb3 46. Kf6
Kg8 47. Rxh6 Rb4 48. e5 Rxd4 49. Rh4 Rb4 50. Kxe6 Rb6+ 51. Kf5 Rb2 52. Rh1 Rf2
53. Ra1 Kg7 54. Ra7+ Kh6 55. e6 Rb2 56. Kf6 Rb6 57. f5 Rb8 58. e7 Rc8 59. Kf7
Kg5 60. e8=Q Rc2 61. Qg8+ Kh5 62. Qg6+ Kh4 63. Ra4+ Kh3 64. Ra3+ Kh4 65. Qg3+
Kh5 66. Qh3+ Kg5 67. Rg3+ Kf4 68. Qg4+ Ke5 69. Re3+ Kd6 70. Qd4+ Kc6 71. Rc3+
Kb5 72. Rxc2 72... Ka5 {
Chemberlen ran out of time and Hossa has no material to mate} 1/2-1/2

[Event "ICS rated blitz match"]
[Site "207.99.83.229"]
[Date "1999.06.04"]
[Round "?"]
[White "Hossa"]
[Black "Data"]
[Result "1/2-1/2"]
[WhiteElo "2554"]
[BlackElo "2841"]
[PlyCount "279"]

1. d4 d5 2. c4 c6 3. cxd5 cxd5 4. Nc3 Nf6 5. Nf3 Nc6 6. Bf4 Bf5 7. e3 e6 8. Bb5
Nd7 9. Bxc6 bxc6 10. O-O Be7 11. Rc1 O-O 12. Re1 Rc8 13. e4 dxe4 14. Nxe4 Nf6
15. Nxf6+ Bxf6 16. Qa4 Qb6 17. b3 Rfd8 18. Be5 Be7 19. Re3 Rd5 20. Qc4 Qb5 21.
Qxb5 Rxb5 22. Rce1 Rd5 23. Rc1 c5 24. b4 c4 25. Rec3 f6 26. Bg3 Rb5 27. a3 a5
28. bxa5 Rxa5 29. Rxc4 Rxc4 30. Rxc4 Rxa3 31. h4 Ra7 32. Rc8+ Kf7 33. Rc7 Rxc7
34. Bxc7 Be4 35. Nd2 Bd5 36. f3 Kg6 37. Kf2 Kf7 38. Kg1 Ke8 39. Bb6 f5 40. h5
Kd7 41. Kf2 Kc6 42. Ba5 g6 43. hxg6 hxg6 44. Bc3 Bd6 45. Nf1 g5 46. Ne3 Bb3 47.
g4 f4 48. Nf1 Kd5 49. Nd2 Bc2 50. Ba5 Be7 51. Bb6 Bf6 52. Ke2 Bg6 53. Bc5 Bd8
54. Ba7 Bc2 55. Ke1 Be7 56. Ke2 Bg6 57. Nb3 Bf6 58. Kd2 Kc4 59. Na5+ Kb5 60.
Nb3 Kb4 61. Nc1 Kc4 62. Ne2 Be8 63. Ke1 Bc6 64. Kf2 Bb5 65. Bc5 Be8 66. Bd6 Bg6
67. Ke1 Bd3 68. Bc5 Bd8 69. Nc1 Bg6 70. Ba7 Ba5+ 71. Kd1 Be8 72. Bc5 Kc3 73.
Be7 Ba4+ 74. Ke2 Kc2 75. Na2 Bb5+ 76. Kf2 Kb2 77. Bxg5 Bd2 78. Nb4 Bxb4 79.
Bxf4 Kc3 80. Ke3 Ba3 81. Be5 Bc1+ 82. Kf2 Kd3 83. Kg3 Be3 84. f4 Ke4 85. Bd6
Bxd4 86. Kh4 Kf3 87. Kh5 Be3 88. Kg5 Bf1 89. Kf6 Kxg4 90. Kxe6 Bc4+ 91. Ke5 Bb3
92. Ke4 Bf2 93. Ke5 Be1 94. Ke4 Bc2+ 95. Ke5 Bc3+ 96. Kd5 Kf5 97. Kc4 Be1 98.
Be5 Be4 99. Kc5 Ba5 100. Kc4 Bb6 101. Bd4 Bd8 102. Be5 Bh4 103. Kc5 Be1 104.
Kc4 Bf2 105. Bd4 Bh4 106. Be5 Bg3 107. Kc5 Bf3 108. Kc4 Bg2 109. Kc3 Bf1 110.
Kd4 Bf2+ 111. Kd5 Be2 112. Kd6 Bh4 113. Kc6 Bf3+ 114. Kd7 Bh5 115. Kc6 Bd1 116.
Kc7 Bb3 117. Kd6 Bd1 118. Kc7 Ba4 119. Kd6 Bb3 120. Kc5 Bf2+ 121. Bd4 Be1 122.
Be5 Bd2 123. Kd6 Bb4+ 124. Kc6 Ke6 125. Kb6 Bd5 126. Kb5 Be7 127. Kb6 Be4 128.
Kb5 Kd5 129. Kb6 Bc5+ 130. Kb7 Ke6+ 131. Kc7 Be7 132. Kb6 Kf5 133. Kb5 Bd5 134.
Kb6 Bb4 135. Kb5 Ba3 136. Bc7 Kg4 137. Be5 Be7 138. Bc7 Kf5 139. Be5 Bf8 140.
Bc7 {Game drawn by the 50 move rule} 1/2-1/2

[Event "ICS rated blitz match"]
[Site "207.99.83.229"]
[Date "1999.06.04"]
[Round "?"]
[White "Chemberlen"]
[Black "Hossa"]
[Result "1/2-1/2"]
[WhiteElo "2545"]
[BlackElo "2565"]
[PlyCount "52"]

1. d4 d5 2. c4 c6 3. e3 Nf6 4. Nf3 e6 5. Bd3 dxc4 6. Bxc4 Bd6 7. Nc3 O-O 8. e4
Bb4 9. Bd3 c5 10. dxc5 Nbd7 11. Qe2 Nxc5 12. Bc2 Qa5 13. O-O Bxc3 14. bxc3 Qxc3
15. e5 Qxa1 16. exf6 Qxf6 17. Bb2 Qh6 18. Ne5 Rd8 19. Ng4 Qg5 20. f4 Qh4 21. g3
Qh3 22. Nf2 Qh6 23. Ng4 Qh3 24. Nf2 Qh6 25. Ng4 Qh3 26. Nf2 26... Qh6 {
Game drawn by repetition} 1/2-1/2

[Event "ICS rated blitz match"]
[Site "207.99.83.229"]
[Date "1999.06.04"]
[Round "?"]
[White "Hossa"]
[Black "Data"]
[Result "1/2-1/2"]
[WhiteElo "2564"]
[BlackElo "2832"]
[PlyCount "155"]

1. e4 c5 2. Ne2 e6 3. Ng3 Nf6 4. e5 Nd5 5. c4 Ne7 6. Bd3 Nec6 7. Qh5 g6 8. Qe2
Qg5 9. O-O Qxe5 10. Qxe5 Nxe5 11. Be2 Nbc6 12. f4 Nd4 13. fxe5 Nc2 14. Na3 Nxa1
15. b3 d5 16. Bb2 Nxb3 17. axb3 Bh6 18. cxd5 exd5 19. Nb5 O-O 20. Nc7 Rb8 21.
Nxd5 Be6 22. Nf6+ Kh8 23. Nge4 b6 24. Nd7 Bxd7 25. e6+ Bg7 26. Bxg7+ Kxg7 27.
exd7 Rfd8 28. Nf6 b5 29. g4 h6 30. Rf4 Rb6 31. Ne8+ Kf8 32. d4 c4 33. bxc4 bxc4
34. Bxc4 Rxd7 35. Nf6 Rc7 36. Bd5 Rb2 37. Rf2 Rc1+ 38. Kg2 Rxf2+ 39. Kxf2 Rc2+
40. Ke3 Rxh2 41. Nd7+ Kg7 42. Ne5 f5 43. gxf5 Rh3+ 44. Bf3 gxf5 45. d5 Kf6 46.
d6 Rg3 47. d7 Ke7 48. Kf4 Rg1 49. Be2 Re1 50. Bb5 a6 51. Bc6 Rf1+ 52. Bf3 Kd8
53. Kxf5 Rxf3+ 54. Nxf3 Kxd7 55. Kg4 h5+ 56. Kf5 Kc6 57. Kf6 Kb5 58. Kg5 Ka4
59. Ne5 Ka3 60. Nc6 Ka2 61. Na5 Ka1 62. Nc4 Kb1 63. Ne5 Ka1 64. Kh4 Kb1 65. Nf3
Ka1 66. Nd4 Kb1 67. Nf5 Ka1 68. Nd6 Kb1 69. Ne4 Ka1 70. Nf6 Kb1 71. Nd5 Ka1 72.
Kg5 Kb1 73. Nf4 Ka1 74. Ne6 Kb1 75. Nc5 a5 76. Kxh5 Ka1 77. Nb3+ Kb1 78. Nxa5 {
Game drawn because neither player has mating material} 1/2-1/2

[Event "ICS rated blitz match"]
[Site "207.99.83.229"]
[Date "1999.06.04"]
[Round "?"]
[White "Tim"]
[Black "Hossa"]
[Result "0-1"]
[WhiteElo "2271"]
[BlackElo "2574"]
[PlyCount "29"]

1. d4 d5 2. e4 dxe4 3. Nc3 Nf6 4. f3 exf3 5. Nxf3 Bg4 6. h3 Bh5 7. g4 Bg6 8.
Ne5 Nbd7 9. Qf3 Nxe5 10. dxe5 Nd7 11. e6 fxe6 12. Qxb7 Bxc2 13. Nb5 Rc8 14. Nd4
Rb8 15. Qxc7 {Tim resigns} 0-1

[Event "ICS rated blitz match"]
[Site "207.99.83.229"]
[Date "1999.06.04"]
[Round "?"]
[White "VESta"]
[Black "Hossa"]
[Result "0-1"]
[WhiteElo "2406"]
[BlackElo "2593"]
[PlyCount "84"]

1. e4 c5 2. c3 e6 3. d4 cxd4 4. cxd4 d5 5. exd5 exd5 6. Nc3 Bb4 7. Nf3 Ne7 8.
Bd3 Bf5 9. O-O Bxd3 10. Qxd3 O-O 11. Bf4 Nbc6 12. a3 Bxc3 13. bxc3 Rc8 14. Ne5
Ng6 15. Nxg6 fxg6 16. Be5 Na5 17. Rab1 Rf7 18. Rfe1 Nc4 19. a4 Qd7 20. Ra1 Qc6
21. h3 Nb6 22. a5 Na4 23. a6 b5 24. Bg3 Nxc3 25. Re5 Qc4 26. Qxc4 dxc4 27. d5
Rd7 28. d6 b4 29. Re7 Rxe7 30. dxe7 Ne2+ 31. Kf1 Nxg3+ 32. fxg3 Kf7 33. Ke2
Kxe7 34. Kd2 Kd6 35. Rb1 Kc5 36. Re1 Rc6 37. Re5+ Kd4 38. Re7 c3+ 39. Kc2 b3+
40. Kxb3 c2 41. Rd7+ Ke3 42. Re7+ 42... Kf2 {VESta resigns} 0-1

[Event "ICS rated blitz match"]
[Site "207.99.83.229"]
[Date "1999.06.04"]
[Round "?"]
[White "Hossa"]
[Black "MissSilicon"]
[Result "1-0"]
[WhiteElo "2601"]
[BlackElo "2567"]
[PlyCount "43"]

1. e4 e5 2. Nf3 Nc6 3. Bb5 Bc5 4. c3 Nf6 5. d4 exd4 6. e5 Qe7 7. O-O Nxe5 8.
Re1 Nfg4 9. Nxe5 Nxe5 10. f4 dxc3+ 11. Kh1 O-O 12. Rxe5 cxb2 13. Bxb2 Qd6 14.
Nd2 Qb6 15. a4 Bd6 16. Nc4 Qf2 17. Nxd6 cxd6 18. Re2 Qxf4 19. Ba3 Rd8 20. Bxd6
Qf5 21. Qe1 h6 22. Bc4 {MissSilicon resigns} 1-0

[Event "ICS rated blitz match"]
[Site "207.99.83.229"]
[Date "1999.06.04"]
[Round "?"]
[White "Chemberlen"]
[Black "Hossa"]
[Result "0-1"]
[WhiteElo "2535"]
[BlackElo "2615"]
[PlyCount "52"]

1. d4 d5 2. c4 c6 3. e3 Nf6 4. Nf3 e6 5. Bd3 dxc4 6. Bxc4 Bd6 7. O-O O-O 8. Nc3
Nbd7 9. e4 e5 10. Bg5 Qe7 11. Re1 exd4 12. Qxd4 Ne5 13. Nxe5 Bxe5 14. Qd1 h6
15. Bh4 Qc5 16. Qe2 Bg4 17. Qf1 b5 18. Bb3 Bxc3 19. bxc3 Qxc3 20. Rac1 Qe5 21.
Rxc6 Nxe4 22. Qd3 Bf5 23. Qe3 Rfe8 24. f3 Bd7 25. Rcc1 Qh5 26. fxe4 26... Qxh4
{Chemberlen resigns} 0-1

[Event "ICS Rated bullet match"]
[Site "207.99.83.229"]
[Date "1999.06.04"]
[Round "?"]
[White "Hossa"]
[Black "MissSilicon"]
[Result "0-1"]
[WhiteElo "2464"]
[BlackElo "2536"]
[PlyCount "108"]

1. e4 Nf6 2. Nc3 Nxe4 3. Nxe4 d5 4. Ng3 e5 5. Bb5+ c6 6. Be2 Bc5 7. Nf3 e4 8.
Ne5 Bxf2+ 9. Kxf2 Qf6+ 10. Nf3 exf3 11. Bxf3 Qd4+ 12. Kf1 O-O 13. c3 Qf6 14.
Kg1 Nd7 15. Qe2 b5 16. d4 Nb6 17. Nh5 Qd8 18. Qe5 f6 19. Qg3 g5 20. h4 h6 21.
hxg5 fxg5 22. Rh2 Bf5 23. a3 Bc2 24. Qe5 Rf7 25. Qe6 Qe7 26. Bg4 Rd8 27. g3 Bd3
28. Rd2 Be4 29. Qxc6 Nc4 30. Rh2 Nd6 31. Bd2 Rdf8 32. Re1 Kh7 33. Be2 Rc8 34.
Qa6 Rb8 35. Bg4 Rb6 36. Qa5 Qf8 37. Qb4 Bd3 38. Bh3 Rbb7 39. Qc5 Bc4 40. Qc6
Rb6 41. Nf6+ Rxf6 42. Qd7+ Kg6 43. Qxa7 Ne4 44. g4 Rbe6 45. Be3 Ng3 46. Qc7
Rxe3 47. Rb1 Ne2+ 48. Kh1 Rxh3 49. Rg1 Rf1 50. Qc6+ Kg7 51. Qc7+ Kg8 52. Qg7+
Kxg7 53. Rxh3 Rxg1+ 54. Kh2 54... Qf2# {Hossa checkmated} 0-1

[Event "ICS rated standard match"]
[Site "207.99.83.229"]
[Date "1999.06.04"]
[Round "?"]
[White "Hossa"]
[Black "EA6PZ"]
[Result "0-1"]
[WhiteElo "2180"]
[BlackElo "2368"]
[PlyCount "113"]

1. d4 e6 2. e4 d5 3. Nd2 c5 4. Ngf3 Nf6 5. exd5 exd5 6. Bb5+ Bd7 7. Qe2+ Be7 8.
dxc5 O-O 9. Nb3 Re8 10. Bxd7 Nbxd7 11. Be3 Nxc5 12. O-O Nxb3 13. axb3 Bc5 14.
Qd3 Bxe3 15. fxe3 Ng4 16. Rfe1 h6 17. Ra4 Nf6 18. Rd4 Rc8 19. c4 dxc4 20. bxc4
Qb6 21. b3 Qc5 22. Kh1 b5 23. cxb5 Rb8 24. e4 Rxb5 25. e5 Nd5 26. Rg1 a6 27. h4
Nb4 28. Qd1 Rb7 29. Qd2 Qc2 30. Rd8 Rxd8 31. Qxd8+ Kh7 32. Qd4 Rb5 33. Qe3 Nd5
34. Qa7 Nc7 35. Nd4 Qf2 36. Rd1 Rxe5 37. Qxc7 Re1+ 38. Rxe1 Qxe1+ 39. Kh2 Qxh4+
40. Kg1 Qxd4+ 41. Kh2 Kg6 42. Qg3+ Kf6 43. Qf3+ Kg5 44. Qxf7 Qf4+ 45. Qxf4+
Kxf4 46. Kg1 Ke3 47. Kf1 a5 48. Ke1 h5 49. Kf1 Kd3 50. Kf2 Kc3 51. Kf3 Kxb3 52.
Kf4 a4 53. Kg5 a3 54. Kf5 a2 55. Ke6 a1=Q 56. g3 Qe1+ 57. Kd5 {Hossa resigns}
0-1

[Event "ICS rated bullet match"]
[Site "207.99.83.229"]
[Date "1999.06.04"]
[Round "?"]
[White "razzle"]
[Black "Hossa"]
[Result "1-0"]
[WhiteElo "2692"]
[BlackElo "2439"]
[PlyCount "137"]

1. e4 Nf6 2. Nc3 Nxe4 3. Nxe4 d5 4. Ng3 e5 5. Qh5 Nd7 6. Nf3 g6 7. Qg4 e4 8.
Nd4 Bg7 9. Ndf5 Be5 10. Nh6 Qf6 11. c3 Nc5 12. Qd1 Bd7 13. Ng4 Bxg4 14. Qxg4 h5
15. Qd1 h4 16. Nxe4 dxe4 17. Qg4 Rh5 18. Qh3 Rf5 19. b4 Nd7 20. Qe3 Bf4 21. Qe2
O-O-O 22. g3 Bd6 23. Bh3 Re5 24. Bb2 Qf3 25. Rg1 hxg3 26. hxg3 Qxe2+ 27. Kxe2
Rh5 28. Rh1 f5 29. g4 Rh4 30. gxf5 Rdh8 31. c4 Be5 32. Bxe5 Nxe5 33. fxg6+ Kd8
34. g7 Rg8 35. Bf5 Rxh1 36. Rxh1 Rxg7 37. Rh8+ Ke7 38. Bxe4 b6 39. d3 c5 40.
bxc5 bxc5 41. Rc8 Kd6 42. f4 Nd7 43. Rc6+ Ke7 44. Bf5 Rg2+ 45. Kf3 Rxa2 46. Rc7
Ra3 47. Rxd7+ Kf6 48. Rd5 Ra1 49. Rxc5 a5 50. Be4 a4 51. Rc6+ Kf7 52. Bd5+ Ke7
53. Re6+ Kd8 54. Ra6 a3 55. Ra7 a2 56. Ke2 Kc8 57. f5 Kb8 58. Ra8+ Kc7 59. f6
Rb1 60. Rxa2 Rb8 61. Ra8 Rb2+ 62. Ke3 Rh2 63. f7 Rh3+ 64. Bf3 Rh6 65. f8=Q Re6+
66. Kf4 Re8 67. Qc5+ Kd7 68. Ra7+ Kd8 69. Qc7# {Hossa checkmated} 1-0

[Event "ICS rated bullet match"]
[Site "207.99.83.229"]
[Date "1999.06.04"]
[Round "?"]
[White "Hossa"]
[Black "razzle"]
[Result "0-1"]
[WhiteElo "2433"]
[BlackElo "2698"]
[PlyCount "102"]

1. e4 c5 2. Nf3 e6 3. Nc3 a6 4. d4 cxd4 5. Nxd4 Qc7 6. Bd3 Nc6 7. Nf3 Bb4 8.
O-O Bxc3 9. bxc3 Nge7 10. Ba3 O-O 11. e5 Qa5 12. Bd6 Qxc3 13. Ng5 g6 14. Ne4
Qa5 15. Nf6+ Kg7 16. Be4 Rd8 17. Qe1 Qxe1 18. Raxe1 Nf5 19. Bc7 Rh8 20. g4 Nfd4
21. c4 b5 22. c5 Ra7 23. Bd6 b4 24. f4 Nb5 25. Rf2 Nc3 26. Kh1 Bb7 27. Bf3 Nd4
28. Bxb7 Rxb7 29. Ref1 b3 30. axb3 Nxb3 31. f5 Rc8 32. Rf3 Nd2 33. Rh3 h6 34.
fxe6 fxe6 35. Ra1 Nce4 36. Rxa6 Nf2+ 37. Kg2 Nxh3 38. Kxh3 Nc4 39. Kh4 g5+ 40.
Kg3 Nxd6 41. Rxd6 Rxc5 42. Nxd7 Rb3+ 43. Kf2 Rc2+ 44. Ke1 Rxh2 45. Nc5 Rb1+ 46.
Rd1 Rbb2 47. Nxe6+ Kf7 48. Nd8+ Ke8 49. Rd2 Rbxd2 50. Ne6 Ra2 51. Nf8 51...
Ra1# {Hossa checkmated} 0-1